| 000 | 00718cab a2200169 4500 | ||
|---|---|---|---|
| 001 | L129713 | ||
| 008 | 050516n2005 000 0 eng u | ||
| 035 | _a(Sirsi) u129713 | ||
| 041 | _aeng | ||
| 245 | _aMitigating factors explain auction woes | ||
| 260 | _c2005 | ||
| 490 |
_aProperty Week _v70(17) 29 April 2005, 23(1) |
||
| 520 | _aThe latest IPD/JLL Auctions Results Analysis Service (ARAS) shows that the number of properties offered and sold at auction in the first quarter of 2005 fell by nearly a third. This drop is partly blamed on an early Easter and the dissolution of Nelson Bakewell. | ||
| 590 | _aIKA190505 | ||
| 690 | _aPROPERTY-COMMERCIAL PROPERTY-AUCTIONEERING COMMERCIAL PROPERTY | ||
| 942 | _n0 | ||
| 999 |
_c75225 _d75225 |
||